Procedures in gastrointestinal radiology / (Record no. 1864)
[ view plain ]
| 000 -LEADER | |
|---|---|
| fixed length control field | 01248cam a2200325 a 4500 |
| 003 - CONTROL NUMBER IDENTIFIER | |
| control field | OSt |
| 005 - DATE AND TIME OF LATEST TRANSACTION | |
| control field | 20210701064705.0 |
| 008 - FIXED-LENGTH DATA ELEMENTS--GENERAL INFORMATION | |
| fixed length control field | 890814s1990 nyua b 001 0 eng c |
| 020 ## - INTERNATIONAL STANDARD BOOK NUMBER | |
| International Standard Book Number | 0387971130 |
| 040 ## - CATALOGING SOURCE | |
| Transcribing agency | DLC |
| 050 00 - LIBRARY OF CONGRESS CALL NUMBER | |
| Classification number | RC804 |
| Item number | .R6 P76 1990 |
| 060 ## - NATIONAL LIBRARY OF MEDICINE CALL NUMBER | |
| Classification number | WI 141 P963 |
| 245 00 - TITLE STATEMENT | |
| Title | Procedures in gastrointestinal radiology / |
| Statement of responsibility, etc. | J. Dobranowski ... [et al.] ; with a contribution by Lynne McLean ; with a foreword by William M. Thompson. |
| 260 ## - PUBLICATION, DISTRIBUTION, ETC. | |
| Place of publication, distribution, etc. | New York : |
| Name of publisher, distributor, etc. | Springer-Verlag, |
| Date of publication, distribution, etc. | c1990. |
| 300 ## - PHYSICAL DESCRIPTION | |
| Extent | xiv, 231 p. : |
| Other physical details | ill. ; |
| Dimensions | 28 cm. |
| 504 ## - BIBLIOGRAPHY, ETC. NOTE | |
| Bibliography, etc. note | Includes bibliographical references. |
| 650 #0 - SUBJECT ADDED ENTRY--TOPICAL TERM | |
| Topical term or geographic name entry element | Gastrointestinal system |
| General subdivision | Diseases |
| -- | Diagnosis. |
| 650 #0 - SUBJECT ADDED ENTRY--TOPICAL TERM | |
| Topical term or geographic name entry element | Gastrointestinal system |
| General subdivision | Radiography. |
| 650 #0 - SUBJECT ADDED ENTRY--TOPICAL TERM | |
| Topical term or geographic name entry element | Gastroscopy. |
| 650 #2 - SUBJECT ADDED ENTRY--TOPICAL TERM | |
| Topical term or geographic name entry element | Gastrointestinal System |
| General subdivision | radiography. |
| 650 #2 - SUBJECT ADDED ENTRY--TOPICAL TERM | |
| Topical term or geographic name entry element | Technology, Radiologic. |
| 700 1# - ADDED ENTRY--PERSONAL NAME | |
| Personal name | Dobranowski, J. |
| Fuller form of name | (Julian) |
| 856 42 - ELECTRONIC LOCATION AND ACCESS | |
| Uniform Resource Identifier | http://www.loc.gov/catdir/enhancements/fy1005/89021752-d.html |
| 856 41 - ELECTRONIC LOCATION AND ACCESS | |
| Uniform Resource Identifier | http://www.loc.gov/catdir/enhancements/fy1005/89021752-t.html |
| 906 ## - LOCAL DATA ELEMENT F, LDF (RLIN) | |
| a | 7 |
| b | cbc |
| c | orignew |
| d | 1 |
| e | ocip |
| f | 19 |
| g | y-gencatlg |
| 942 ## - ADDED ENTRY ELEMENTS (KOHA) | |
| Source of classification or shelving scheme | |
| Koha item type | Book |
| Suppress in OPAC | JE |
| Withdrawn status | Lost status | Source of classification or shelving scheme | Damaged status | Not for loan | Permanent Location | Current Location | Shelving location | Date acquired | Total Checkouts | Full call number | Barcode | Date last seen | Copy number | Price effective from | Koha item type | Public note | Source of acquisition |
|---|---|---|---|---|---|---|---|---|---|---|---|---|---|---|---|---|---|
| AU LIBRARY | AU LIBRARY | Open Shelf | 01.07.2021 | RC804 .R6 P76 1990 C1 | 28003275 | 01.07.2021 | 1 | 01.07.2021 | Book | JE | |||||||
| AU LIBRARY | AU LIBRARY | Open Shelf | 01.07.2021 | RC804 .R6 P76 1990 C2 | 28003276 | 01.07.2021 | 2 | 01.07.2021 | Book | JE | |||||||
| AU LIBRARY | AU LIBRARY | Open Shelf | 31.01.2022 | RC804 .R6 P76 1990 C3 | 28005196 | 31.01.2022 | 3 | 31.01.2022 | Book | SM | DONATION FROM MOI UNIVERSITY | ||||||
| AU LIBRARY | AU LIBRARY | Open Shelf | 04.04.2022 | RC804 .R6 P76 1990 C4 | 28007749 | 04.04.2022 | 4 | 04.04.2022 | Book | WO | DONATION FROM MOI UNIVERSITY | ||||||
| AU LIBRARY | AU LIBRARY | Open Shelf | 06.04.2022 | RC804 .R6 P76 1990 C5 | 28009230 | 06.04.2022 | 5 | 06.04.2022 | Book | WO | DONATION FROM MOI UNIVERSITY | ||||||
| AU LIBRARY | AU LIBRARY | Open Shelf | 07.04.2022 | RC804 .R6 P76 1990 C6 | 28007227 | 07.04.2022 | 6 | 07.04.2022 | Book | SO | DONATION FROM MOI UNIVERSITY |